| 000 | 00892cam a2200205 i 4500 | ||
|---|---|---|---|
| 005 | 20251201122640.0 | ||
| 008 | 250721s2004 jo gr 000 0 ara d | ||
| 082 | 1 | 4 |
_a213.2 _b ن ا خ |
| 100 | 1 |
_aالناخبي، عبدالله بن أحمد _eمؤلف. |
|
| 245 | 1 | 0 |
_aإجازة عامة : _bفي الأسانيد و المرويات / _cاعداد محمد بن ابي بكر بن عبدالله باذيب. |
| 246 | 1 | 0 | _aوهو ثبت المختصر للعلامه الشيخ عبدالله بن احمد الناخبي. |
| 264 | 1 |
_aعمان : _bدارالفتح للدراسات والنشر، _c2004. |
|
| 300 | _a59 صفحه. | ||
| 650 | 1 | 7 | _aالحديث المسند. |
| 650 | 1 | 7 | _aعلوم الحديث. |
| 650 | 1 | 7 | _aالإسلام. |
| 700 | 1 |
_aباذيب، محمد بن أبي بكر بن عبدالله _eمعد. |
|
| 942 |
_2ddc _cBK |
||
| 999 |
_c93360 _d93360 |
||